League of Legends - Champions Bilgewater - Statistiques

Statistiques générales
  • Ce quiz a été pris 252 fois
  • Le résultat moyen est 8 sur 10
Statistiques - réponses
Réponse % Correct
Miss Fortune
99%
Gangplank
94%
Graves
86%
Pyke
85%
Illaoi
83%
Nautilus
83%
Twisted Fate
83%
Fizz
78%
Tahm Kench
55%
Nilah
39%
Aucun quiz correspondant
Distribution des résultats
% des personnes avec chaque résultat
Percentile par nombre de réponses
Votre historique - résultats
Vous n’avez pas pris ce quiz